000
00341nam a2200145Ia 4500
008
230718s9999 xx 000 0 und d
041
_a
Eng.
082
_a
346.0107
_b
SAI-L
100
_a
Sait, Sixaj
245
0
_a
land, law aid Islam
260
_a
Pakistan
_b
Zed Book London New york
_c
2006
300
_a
241
650
_a
Law
999
_c
31890
_d
31890